[Event "Ozieri op 13th"]
[Site "Ozieri"]
[Date "2014.08.01"]
[Round "3"]
[White "Garau, Francesca"]
[Black "Saddi, Giorgio"]
[Result "1-0"]
[WhiteElo "1500"]
[BlackElo "1428"]
[PlyCount "63"]
[EventDate "2014.07.31"]
[EventType "swiss"]
[EventRounds "7"]
[EventCountry "ITA"]
[SourceTitle "EXT 2016"]
[Source "ChessBase"]
[SourceDate "2015.10.08"]
[SourceVersion "1"]
[SourceVersionDate "2015.10.08"]
[SourceQuality "1"]

1. e4 e5 2. Nf3 Nc6 3. Bc4 Nf6 4. d3 Bc5 5. 0-0 0-0 6. Bg5 d6 7. h3 a6 8. c3 b5 9. Bb3 Bd7 10. Nbd2 b4 11. Re1 a5 12. Nf1 h6 13. Bh4 Ne7 14. Bxf6 gxf6 15. Qd2 Kh7 16. Ng3 Ng6 17. d4 Bb6 18. Rad1 Be6 19. d5 Bc8 20. cxb4 axb4 21. Qxb4 Ba5 22. Qa4 Bd7 23. Qc4 Bxe1 24. Rxe1 Nf4 25. Nh4 Rb8 26. Nhf5 Bxf5 27. Nxf5 Rg8 28. g3 Nxh3+ 29. Kg2 Nf4+ 30. Kh2 Ng6 31. Qc1 Rb6 32. Qxh6# 1-0